000 00485nam a2200181Ia 4500
003 OSt
005 20200727122321.0
008 190216s9999||||xx |||||||||||||| ||und||
020 _a9788181281357
040 _coclc
082 _a514
_bARM/B
100 _aArmstrong, M A
_93778
245 0 _aBasic Topology /
_cM A Armstrong
260 _bSpringer,
_aNew Delhi:
_c2005.
300 _a251p
650 _aMathematics
942 _cBK
_2ddc
_h514
_iARM/B
_k514
_mARM/B
999 _c32075
_d32075